[Event "Vojvodina-chT 21st"]
[Site "Backa Palanka"]
[Date "2021.10.27"]
[Round "7.6"]
[White "Jovanovic, Petar"]
[Black "Joksimovic, Dragoljub"]
[Result "1/2-1/2"]
[WhiteElo "2136"]
[BlackElo "2146"]
[PlyCount "23"]
[EventDate "2021.10.23"]
[EventType "team-tourn"]
[EventRounds "11"]
[EventCountry "SRB"]
[SourceTitle "CBM 204 Extra"]
[Source "ChessBase"]
[SourceDate "2021.11.30"]
[SourceVersion "1"]
[SourceVersionDate "2021.11.30"]
[SourceQuality "1"]
[WhiteTeam "Backa Palanka"]
[BlackTeam "Krajisnik Krajina"]
[WhiteTeamCountry "SRB"]
[BlackTeamCountry "SRB"]

1. e4 g6 2. d4 Bg7 3. Nc3 d6 4. f4 c6 5. Nf3 Nf6 6. Bd3 0-0 7. 0-0 b5 8. e5 Ne8 9. Be3 b4 10. Ne4 Nc7 11. a3 Nd5 12. Bd2 1/2-1/2

[Event "Vojvodina-chT 21st"]
[Site "Backa Palanka"]
[Date "2021.10.25"]
[Round "4.6"]
[White "Parkajic, Branislav"]
[Black "Jovanovic, Petar"]
[Result "1-0"]
[WhiteElo "2084"]
[BlackElo "2136"]
[PlyCount "139"]
[EventDate "2021.10.23"]
[EventType "team-tourn"]
[EventRounds "11"]
[EventCountry "SRB"]
[SourceTitle "CBM 204 Extra"]
[Source "ChessBase"]
[SourceDate "2021.11.30"]
[SourceVersion "1"]
[SourceVersionDate "2021.11.30"]
[SourceQuality "1"]
[WhiteTeam "Petrovaradin Kraljica"]
[BlackTeam "Backa Palanka"]
[WhiteTeamCountry "SRB"]
[BlackTeamCountry "SRB"]

1. Nf3 c5 2. b3 Nc6 3. Bb2 d6 4. c4 e5 5. Nc3 f5 6. d3 Nf6 7. g3 g6 8. Bg2 Bg7 9. 0-0 0-0 10. Nd2 Be6 11. a3 d5 12. cxd5 Nxd5 13. Rc1 Nxc3 14. Bxc3 Rc8 15. b4 cxb4 16. axb4 a6 17. Qa4 e4 18. Bxg7 Kxg7 19. Nb3 Bxb3 20. Qxb3 Qf6 21. dxe4 Nd4 22. Qe3 fxe4 23. Rxc8 Rxc8 24. Qxe4 Rc7 25. Rd1 Nc6 26. Qc4 Rf7 27. f4 g5 28. e3 Re7 29. Qc5 gxf4 30. exf4 h6 31. h3 Qe6 32. Kh2 Qe2 33. Qc3+ Kh7 34. Rd2 Qe1 35. Qd3+ Kg7 36. Qc3+ Kh7 37. Qd3+ Kg7 38. Bxc6 bxc6 39. Qd4+ Kh7 40. Rg2 Qb1 41. g4 Re1 42. Qd7+ Kg8 43. Qd8+ Kg7 44. Qd7+ Kg8 45. Qd8+ Kg7 46. Qd4+ Kh7 47. Kg3 Re4 48. Qd7+ Kg8 49. Qd8+ Kf7 50. Qd7+ Kg8 51. Qc8+ Kg7 52. Qc7+ Kg8 53. Qb8+ Kg7 54. Qc7+ Kg8 55. g5 Qd3+ 56. Kh2 Re2 57. Qc8+ Kf7 58. g6+ Ke7 59. Qc7+ Ke6 60. Qf7+ Kd6 61. g7 Rxg2+ 62. Kxg2 Qe2+ 63. Kg3 Qe3+ 64. Kg4 Qe2+ 65. Kf5 Qd3+ 66. Kf6 Qd4+ 67. Kg6 Qe4+ 68. Qf5 Qe8+ 69. Kh7 Qe7 70. Qe5+ 1-0

[Event "Vojvodina-chT 21st"]
[Site "Backa Palanka"]
[Date "2021.10.24"]
[Round "2.6"]
[White "Ljepic, Andrej"]
[Black "Jovanovic, Petar"]
[Result "1-0"]
[WhiteElo "2159"]
[BlackElo "2136"]
[PlyCount "131"]
[EventDate "2021.10.23"]
[EventType "team-tourn"]
[EventRounds "11"]
[EventCountry "SRB"]
[SourceTitle "CBM 204 Extra"]
[Source "ChessBase"]
[SourceDate "2021.11.30"]
[SourceVersion "1"]
[SourceVersionDate "2021.11.30"]
[SourceQuality "1"]
[WhiteTeam "Jazak Car Uros"]
[BlackTeam "Backa Palanka"]
[WhiteTeamCountry "SRB"]
[BlackTeamCountry "SRB"]

1. e4 c5 2. Nf3 a6 3. c3 Nf6 4. e5 Nd5 5. Bc4 Nb6 6. Bb3 c4 7. Bc2 d6 8. d4 Nc6 9. exd6 Qxd6 10. h3 g6 11. Nbd2 Bf5 12. Bxf5 gxf5 13. Qe2 Qd5 14. Nf1 Rg8 15. Ne3 Qe6 16. g3 Qe4 17. Ng2 Qd5 18. Bf4 0-0-0 19. Ne3 Qb5 20. a4 Nxa4 21. Nxc4 Nb6 22. Ne3 Qxe2+ 23. Kxe2 e6 24. Ng5 Rg7 25. h4 Bd6 26. Nh3 Bxf4 27. Nxf4 Ne7 28. Ra5 Nc6 29. Ra3 Ne7 30. Rb3 Nbd5 31. Nh5 Rg6 32. Ng2 Nc6 33. Nhf4 Nxf4+ 34. Nxf4 Rgg8 35. Ra3 Rd6 36. Rd1 Rgd8 37. Raa1 Ne7 38. Nd3 Nd5 39. Ne5 Rf8 40. Ra5 f6 41. Nc4 Rc6 42. Ne3 Nxe3 43. Kxe3 Rd6 44. Re1 Kd7 45. Rea1 Rc8 46. R1a3 Rcc6 47. g4 fxg4 48. Rh5 Kc7 49. Rxh7+ Rd7 50. Rxd7+ Kxd7 51. Kf4 f5 52. Ra5 Ke7 53. d5 Rb6 54. b4 exd5 55. Rxd5 Rc6 56. Rxf5 Rxc3 57. Kxg4 Rc4+ 58. Rf4 Rc8 59. h5 b6 60. h6 a5 61. bxa5 bxa5 62. Kh5 Ke6 63. h7 Ke5 64. Rg4 Kf6 65. Rg8 Rc5+ 66. Kh6 1-0

[Event "Vojvodina-chT 2nd League"]
[Site "Backa Palanka"]
[Date "2020.10.19"]
[Round "5.6"]
[White "Jovanovic, Petar"]
[Black "Mitrovic, Zivadin"]
[Result "1/2-1/2"]
[WhiteElo "2116"]
[BlackElo "2170"]
[PlyCount "51"]
[EventDate "2020.10.16"]
[EventType "team-tourn"]
[EventRounds "11"]
[EventCountry "SRB"]
[SourceTitle "EXT 2022"]
[Source "ChessBase"]
[SourceDate "2021.10.06"]
[SourceVersion "1"]
[SourceVersionDate "2021.10.06"]
[SourceQuality "1"]
[WhiteTeam "Backa Palanka"]
[BlackTeam "Opovo Bata Cosic"]
[WhiteTeamCountry "SRB"]
[BlackTeamCountry "SRB"]

1. e4 d5 2. exd5 Nf6 3. d4 Bg4 4. Be2 Bxe2 5. Qxe2 Qxd5 6. Nf3 e6 7. 0-0 Be7 8. Nc3 Qd7 9. Ne5 Qc8 10. Bg5 0-0 11. Ne4 Nd5 12. Bxe7 Nxe7 13. Qh5 f6 14. Nf3 Nf5 15. Rfe1 Nd7 16. Ng3 Nxg3 17. hxg3 Re8 18. Re2 Nf8 19. g4 Ng6 20. g3 Qd7 21. Rae1 c6 22. c4 Rad8 23. Kg2 Qf7 24. Rh1 h6 25. Rhe1 b6 26. b3 1/2-1/2

[Event "Vojvodina op 8th"]
[Site "Novi Sad"]
[Date "2017.07.23"]
[Round "9"]
[White "Hjelmaas, Lars"]
[Black "Jovanovic, Petar"]
[Result "1-0"]
[WhiteElo "2261"]
[BlackElo "2135"]
[PlyCount "67"]
[EventDate "2017.07.16"]
[EventType "swiss"]
[EventRounds "9"]
[EventCountry "SRB"]
[SourceTitle "EXT 2018"]
[Source "ChessBase"]
[SourceDate "2017.10.13"]
[SourceVersion "1"]
[SourceVersionDate "2017.10.13"]
[SourceQuality "1"]

1. d4 Nf6 2. c4 c5 3. d5 e6 4. Nc3 exd5 5. cxd5 d6 6. e4 g6 7. f4 Bg7 8. Nf3 0-0 9. Be2 Re8 10. e5 dxe5 11. fxe5 Ng4 12. e6 fxe6 13. d6 Bd7 14. 0-0 c4 15. Kh1 Qb6 16. Bxc4 Nf2+ 17. Rxf2 Qxf2 18. Ne4 Qb6 19. Bg5 Rf8 20. Be7 Rf4 21. Nfg5 Qxb2 22. Nxe6 Rxe4 23. Ng5+ Be6 24. Bxe6+ Rxe6 25. Rc1 Nc6 26. Nxe6 Bf6 27. Rc2 Qe5 28. Re2 Qc3 29. Nc7 Bxe7 30. dxe7 Nxe7 31. Rxe7 Rc8 32. h3 Qc5 33. Qb3+ Kh8 34. Qb2+ 1-0

[Event "Vojvodina op 8th"]
[Site "Novi Sad"]
[Date "2017.07.22"]
[Round "7"]
[White "Jovanovic, Petar"]
[Black "Velikic, Adela"]
[Result "1-0"]
[WhiteElo "2135"]
[BlackElo "2256"]
[PlyCount "81"]
[EventDate "2017.07.16"]
[EventType "swiss"]
[EventRounds "9"]
[EventCountry "SRB"]
[SourceTitle "EXT 2018"]
[Source "ChessBase"]
[SourceDate "2017.10.13"]
[SourceVersion "1"]
[SourceVersionDate "2017.10.13"]
[SourceQuality "1"]

1. e4 c6 2. d4 d5 3. f3 e6 4. Nc3 Bb4 5. Nge2 Nf6 6. a3 Be7 7. Ng3 0-0 8. Be3 Qb6 9. Na4 Qa5+ 10. c3 Qc7 11. e5 Nfd7 12. b4 b6 13. Bd3 Ba6 14. 0-0 Bxd3 15. Qxd3 f5 16. exf6 Nxf6 17. Bg5 Nbd7 18. Rae1 Bd6 19. f4 Rae8 20. Rf3 h6 21. Bxf6 Nxf6 22. Ref1 c5 23. Kh1 a5 24. dxc5 bxc5 25. bxc5 Bxc5 26. c4 Ba7 27. cxd5 exd5 28. Nf5 Qd7 29. Nc3 Ne4 30. Ng3 Nxc3 31. Qxc3 Qb5 32. Qc2 Rc8 33. Qg6 Qc6 34. Qg4 Rf7 35. Nh5 Rcc7 36. f5 Qd7 37. Qg6 Rc4 38. h3 Bb8 39. f6 Qc7 40. g3 Qd7 41. Kg2 1-0